000 00674nam a2200145Ia 4500
008 171212s9999 xx 000 0 und d
020 _a9781921862106
100 _aMitchell, Jessie
245 _cMitchell, Jessie
_aIn Good Faith?
_bGoverning Indigenous Australia through God, Charity and Empire, 1825-1855
260 _bANU E Press
_c2011
440 _aAboriginal History Monographs
650 _aHistory
650 _aIndigenous peoples -- Government relations; Philanthropinism; Aboriginal Australians -- Politics and government; Aboriginal Australians -- Social conditions -- 19th century; Colonization -- Australia
856 _uwww.jstor.org/stable/10.2307/j.ctt24h7xh
999 _c351149
_d351149